Applied integral transforms

Saved in:
Bibliographic Details
Main Author: Antimirov, M. Ya. 1937-
Other Authors: Kolyshkin, A. A. 1954-, Vaillancourt, Remi 1934-
Format: Book
Language:English
Published: Providence, Rhode island : American Mathematical Society, c1993
Series:CRM monograph series ; ; 2
Subjects:
Tags: Add Tag
No Tags, Be the first to tag this record!

MARC

LEADER 00000nam a2200000 i 4500
001 1/78069
008 990419s1993 eng d
020 |a 0-8218-6998-1 
035 |l 10050064 
040 |a GR-MY-UA  |b gre  |e aacr 
041 0 |a eng 
082 0 |a 530.155723 
100 1 |a Antimirov, M. Ya.  |d 1937- 
245 1 0 |a Applied integral transforms /  |c M. Ya. Antimirov, A. A. Kolyshkin, Remi Vaillancourt 
260 |a Providence, Rhode island :   |b American Mathematical Society,   |c c1993 
300 |a xviii, 265 p.;  |b ill.;  |c 24 cm. 
490 1 |a CRM monograph series  |v ; 2 
500 |a Includes bibliographical references and index 
650 0 0 |a Integral transforms. 
700 1 |a Kolyshkin, A. A.  |d 1954- 
700 1 |a Vaillancourt, Remi  |d 1934- 
830 0 |a CRM monograph series ;  |v ; 2 
852 |a INST  |b SAMOS  |e 19990419  |h 530.155723 ANT  |p 005300013037  |q 005300013037  |t BK  |y 0 
901 |a BIBL-1999-1 
909 |a Σ  |b 064112 
922 |a 3ΕΛΗ  |b 199901  |c ΚΠΣ  |d GLORY